[Event "MDA-ch"]
[Site "Kishinev"]
[Date "2024.02.06"]
[Round "4"]
[White "Guretchii, Kirill"]
[Black "Hamitevici, Vladimir"]
[Result "1/2-1/2"]
[WhiteElo "1849"]
[BlackElo "2470"]
[PlyCount "98"]
[EventDate "2024.02.03"]
[EventType "swiss"]
[EventRounds "7"]
[EventCountry "MDA"]
[SourceTitle "CB07_2024"]
[SourceDate "2024.02.14"]
[SourceVersion "1"]
[SourceVersionDate "2024.02.14"]
[SourceQuality "1"]

1. d4 e6 2. e4 a6 3. Nf3 d5 4. exd5 exd5 5. Bd3 c5 6. 0-0 c4 7. Re1+ Be7 8. Bf1 Nc6 9. h3 Nf6 10. b3 cxb3 11. axb3 0-0 12. Ne5 Nxe5 13. dxe5 Ne4 14. Nd2 Nc5 15. Qf3 Be6 16. Ba3 Rc8 17. Rad1 Qc7 18. Nb1 Rfd8 19. Nc3 d4 20. Nb1 Rd7 21. Bxc5 Qxc5 22. Bd3 b5 23. Nd2 Qc7 24. Qh5 g6 25. Qh6 Qd8 26. Ne4 Rd5 27. Qf4 Kg7 28. Nd2 a5 29. Nf3 Bb4 30. Re4 Bc3 31. Ng5 Qe7 32. Qh4 h6 33. Nxe6+ Qxe6 34. f4 Rc7 35. g4 Qe7 36. Qg3 Rcc5 37. Rf1 Kg8 38. h4 a4 39. e6 f6 40. h5 a3 41. hxg6 a2 42. Qh4 Kg7 43. Re2 Rd8 44. Qxh6+ Kxh6 45. Rh2+ Kg7 46. Rh7+ Kf8 47. Rh8+ Kg7 48. Rh7+ Kf8 49. Rh8+ Kg7 1/2-1/2

[Event "Wch U14"]
[Site "Montesilvano"]
[Date "2023.11.13"]
[Round "1"]
[White "Daakshin, Arun"]
[Black "Guretchii, Kirill"]
[Result "1-0"]
[WhiteElo "2342"]
[BlackElo "1806"]
[PlyCount "125"]
[EventDate "2023.11.13"]
[EventType "swiss"]
[EventRounds "11"]
[EventCountry "ITA"]
[SourceTitle "CB48_2023"]
[SourceDate "2023.11.29"]
[SourceVersion "1"]
[SourceVersionDate "2023.11.29"]
[SourceQuality "1"]

1. d4 Nf6 2. c4 e6 3. Nc3 d5 4. cxd5 exd5 5. Bg5 Nbd7 6. e3 Be7 7. Bd3 0-0 8. Nge2 Re8 9. 0-0 Nf8 10. Qc2 g6 11. f3 Ne6 12. Bh4 c6 13. Kh1 Nh5 14. Bf2 b5 15. Rae1 a5 16. e4 dxe4 17. Bxe4 Ra6 18. d5 cxd5 19. Rd1 b4 20. Nxd5 Rd6 21. Nxe7+ Qxe7 22. Rxd6 Qxd6 23. Rd1 Qa6 24. Nd4 Ng5 25. Qc6 Rd8 26. Qxa6 Bxa6 27. Bc2 Bb7 28. h4 Ne6 29. Nxe6 Rxd1+ 30. Bxd1 fxe6 31. Bb6 Bd5 32. Bxa5 Bxa2 33. Bxb4 Ng3+ 34. Kg1 Bc4 35. Kf2 Nf5 36. g4 Nxh4 37. Be7 g5 38. Bxg5 Ng6 39. b3 Bd5 40. b4 Kf7 41. Ke3 e5 42. Bc2 Ke6 43. Be4 Bc4 44. Bh6 Kf7 45. Bd3 Bd5 46. b5 Ke6 47. Be4 Bxe4 48. Kxe4 Ne7 49. Bf8 Nd5 50. Kd3 Nf4+ 51. Kc4 Ng6 52. Bc5 e4 53. fxe4 Ne5+ 54. Kd4 Nxg4 55. Bb4 Ne5 56. Ba5 h5 57. Bc7 Ng4 58. Bg3 Kd7 59. e5 Nh6 60. Kd5 Nf5 61. e6+ Ke8 62. b6 Ne7+ 63. Ke4 1-0

[Event "Wch U12"]
[Site "Batumi"]
[Date "2022.09.23"]
[Round "7"]
[White "Melnikov, Fedor"]
[Black "Guretchii, Kirill"]
[Result "0-1"]
[WhiteElo "1802"]
[BlackElo "1385"]
[PlyCount "118"]
[EventDate "2022.09.16"]
[EventType "swiss"]
[EventRounds "11"]
[EventCountry "GEO"]
[SourceTitle "EXT 2023"]
[Source "ChessBase"]
[SourceDate "2022.10.05"]
[SourceVersion "1"]
[SourceVersionDate "2022.10.05"]
[SourceQuality "1"]

1. e4 e5 2. Nf3 Nc6 3. Bb5 a6 4. Ba4 Nf6 5. 0-0 b5 6. Bb3 Be7 7. Re1 d6 8. c3 Bb7 9. d4 h6 10. Nbd2 Nh7 11. Nf1 Ng5 12. Ng3 g6 13. Bd5 Nxf3+ 14. Qxf3 Bf6 15. Be3 Qe7 16. a4 Rb8 17. axb5 axb5 18. Qe2 b4 19. dxe5 Bxe5 20. Qb5 Qd7 21. f4 Bg7 22. e5 dxe5 23. Qc5 Bf8 24. Bxc6 Qxc6 25. Qxe5+ Kd7 26. Re2 Bd6 27. Qf6 Rhf8 28. Rae1 Rbe8 29. Qd4 bxc3 30. bxc3 Rxe3 31. Qxe3 Bc5 32. Rd1+ Kc8 33. Rd4 Bxd4 34. cxd4 Rd8 35. h3 Qd5 36. Rd2 Kb8 37. Nf1 h5 38. Qe5 Qxe5 39. fxe5 c5 40. dxc5 Rxd2 41. Nxd2 Bd5 42. Kf2 Kc7 43. g4 hxg4 44. hxg4 Kc6 45. Ke3 Kxc5 46. Nb1 Kc4 47. Na3+ Kc5 48. Nc2 Be6 49. Kf4 Kd5 50. Nb4+ Kd4 51. Nc6+ Kd5 52. Ne7+ Kd4 53. g5 Kc5 54. Ke4 Kc4 55. Ng8 f5+ 56. exf6 Bxg8 57. Ke5 Kc5 58. Ke4 Kd6 59. Kf4 Ke6 0-1

[Event "Hannibal Online op U10"]
[Site "Chess.com INT"]
[Date "2020.06.08"]
[Round "8"]
[White "Yamshchikova, Alisa"]
[Black "Guretchii, Kirill"]
[Result "1-0"]
[WhiteElo "1069"]
[BlackElo "1095"]
[PlyCount "69"]
[EventDate "2020.06.01"]
[EventType "swiss"]
[EventRounds "9"]
[EventCountry "MDA"]
[SourceTitle "CBM 196 Extra"]
[Source "ChessBase"]
[SourceDate "2020.07.31"]
[SourceVersion "1"]
[SourceVersionDate "2020.07.31"]
[SourceQuality "1"]

1. e4 c5 2. Nf3 d6 3. d4 cxd4 4. Nxd4 Nf6 5. Nc3 a6 6. a4 e5 7. Nb3 Be7 8. Be2 Be6 9. 0-0 0-0 10. Bg5 Nc6 11. Qd2 Bxb3 12. cxb3 Nd4 13. Bc4 h6 14. Bxf6 Bxf6 15. Ne2 Bg5 16. Qd3 Nxe2+ 17. Qxe2 Qc7 18. Rad1 Rfd8 19. Rd3 Rac8 20. Qg4 Qd7 21. Qh5 b5 22. Bd5 Rc2 23. Rg3 Qe7 24. Rf3 Rf8 25. g3 Kh7 26. Bxf7 Rxb2 27. Qg6+ Kh8 28. Rd1 Bf6 29. Bd5 Bg5 30. Rdd3 Rf6 31. Rxf6 Qxf6 32. Qe8+ Kh7 33. Bg8+ Kh8 34. Bf7+ Kh7 35. Qg8# 1-0

[Event "Hannibal Online op U10"]
[Site "Chess.com INT"]
[Date "2020.06.03"]
[Round "3"]
[White "Guretchii, Kirill"]
[Black "Sava, Robert Gabriel"]
[Result "1-0"]
[WhiteElo "1095"]
[BlackElo "1678"]
[PlyCount "167"]
[EventDate "2020.06.01"]
[EventType "swiss"]
[EventRounds "9"]
[EventCountry "MDA"]
[SourceTitle "CBM 196 Extra"]
[Source "ChessBase"]
[SourceDate "2020.07.31"]
[SourceVersion "1"]
[SourceVersionDate "2020.07.31"]
[SourceQuality "1"]

1. d4 d5 2. c4 c6 3. Nf3 dxc4 4. e3 b5 5. a4 Nf6 6. axb5 cxb5 7. b3 a5 8. bxc4 b4 9. Bd3 e6 10. Qc2 Bd7 11. 0-0 a4 12. Nbd2 Na6 13. Ne5 b3 14. Qb1 Nb4 15. Ba3 Be7 16. Nxd7 Nxd7 17. Be4 Ra5 18. c5 Nd5 19. Bxd5 exd5 20. c6 Nf6 21. Bxe7 Kxe7 22. Rc1 Qc7 23. e4 Rd8 24. Re1 Kf8 25. e5 Ng8 26. Qxh7 b2 27. Ra2 a3 28. e6 Re8 29. Qd3 Qd6 30. Nb1 Rxe6 31. Rxe6 Qxe6 32. Rxa3 Rxa3 33. Qxa3+ Ne7 34. Qa8+ Nc8 35. h3 g6 36. Qa3+ Kg7 37. Qxb2 Qxc6 38. Nc3 Nd6 39. Ne2 Nc4 40. Qc1 Qe6 41. Qc2 Qf6 42. Qb1 Qg5 43. Qd3 Qf6 44. g4 Nb2 45. Qb3 Nc4 46. Qc3 Qe6 47. Ng3 Qd6 48. Ne2 Qe6 49. Qf3 Nd2 50. Qd3 Nc4 51. Kg2 Qd6 52. Qf3 Qd7 53. Nf4 Nb6 54. h4 Qa4 55. h5 Qd7 56. hxg6 fxg6 57. g5 Qf5 58. Nh5+ Kh7 59. Nf6+ Kg7 60. Qxf5 gxf5 61. Kg3 Kg6 62. Kf4 Nc8 63. Nxd5 Nd6 64. Ne7+ Kf7 65. Nxf5 Nc4 66. Kg4 Nd2 67. f4 Nb3 68. Kf3 Nd2+ 69. Ke3 Nc4+ 70. Kd3 Nb6 71. Ke4 Nd7 72. Ne3 Nf8 73. f5 Nd7 74. Ng4 Nf8 75. g6+ Kg7 76. d5 Nd7 77. f6+ Kxg6 78. Ne5+ Kxf6 79. Nxd7+ Ke7 80. Nc5 Kd6 81. Nd3 Kd7 82. Ke5 Ke7 83. Nc5 Kd8 84. Kd6 1-0